000 00799nam a2200265 i 4500
001 32050
003 BD-RjUL
005 20211209051801.0
008 140423s1978 ii b 001 0 eng
035 _a(BD-RjUL)32139
040 _aDLC
_cDLC
_dDLC
_beng
041 _aeng
082 0 0 _a294.392
_219
_bDUM 1978
100 1 _aDutt, Nalinaksha.
_979428
245 0 0 _aMahāyāna Buddhism /
_cNalinaksha Dutt.
250 _aRev. ed.
260 _aDelhi :
_bMotilal Banarsidass,
_c1978.
300 _axiv, 288 p. ;
_c22 cm.
500 _aPreviously published under title: Aspects of Hīnayāna and Mahāyāna Buddhism.
504 _aIncludes bibliographical references and index.
650 0 _aMahayana Buddhism.
_994993
942 _2ddc
_cBK
999 _c32050
_d32050